| 000 | 00964nam a2200253 a 4500 | ||
|---|---|---|---|
| 005 | 20040804104338.0 | ||
| 008 | 040420s2003 riua 000 0 eng | ||
| 010 | _aENG-92422 | ||
| 020 |
_a9788185873404 _c1200.00 |
||
| 035 | _aEN-75955 | ||
| 037 | _bDBAD / PUB | ||
| 040 |
_adpl _bEnglish |
||
| 082 | _a632.7 | ||
| 100 | _aGautam, R.D. | ||
| 245 |
_aBiological pest suppression / _cby R.D. Gautam |
||
| 250 | _a2nd fully rev. & enl. ed | ||
| 260 |
_aNew Delhi _bWestville Publishing House _c2008 |
||
| 270 |
_a47, B-5, Paschim Vihar, _bNew Delhi _e110063 |
||
| 300 |
_axvi, 287p.: _bcol. photos _c24 cm (Hb) |
||
| 500 | _aIncludes bibliographical references and index | ||
| 650 |
_aInsect pests _xBiological control. |
||
| 942 |
_2ddc _cEN _h632.7 _mGAU |
||
| 999 |
_c20744 _d20744 |
||